IN A DARK DARK ROOM AND OTHER SCARY STORIES. (Record no. 5636)

MARC details
000 -BAŞLIK
Sabit Uzunluktaki Kontrol Alanı 00459nam a22001817a 4500
003 - KONTROL NUMARASI KİMLİĞİ
Kontrol Alanı koha_MIRAKIL
005 - EN SON İŞLEM TARİHİ ve ZAMANI
Kontrol Alanı 20231213095546.0
008 - SABİT UZUNLUKTAKİ VERİ ÖGELERİ - GENEL BİLGİ
Sabit Alan 231213b |||||||| |||| 00| 0 ||| d
020 ## - ISBN - ULUSLARARASI STANDART KİTAP NUMARASI
-- 978-0-7587-6149-1
040 ## - KATALOGLAMA KAYNAĞI
Özgün Kataloglama Kurumu TR-IsEVY
Kataloglama Dili tur
Çeviri Kurumu TR-IsEVY
082 ## - DEWEY ONU SINIFLAMA SİSTEMİ
Sınıflama Numarası 420 SCH/I
100 ## - KİŞİ ADI
Yazar Adı (Kişi adı) SCHWARTZ, ALVIN.
245 #0 - ESER ADI BİLDİRİMİ
Başlık IN A DARK DARK ROOM AND OTHER SCARY STORIES.
260 ## - YAYIN, DAĞITIM, VB.
Yayınevi Harper,
Yayın Tarihi 1984
300 ## - FİZİKSEL TANIMLAMA
Sayfa, Cilt vb. 63.
650 ## - KONU BAŞLIĞI EK GİRİŞ - KONU TERİMİ
Konusal terim veya coğrafi ad İngiliz Dili.
942 ## - EK GİRİŞ ÖGELERİ (KOHA)
Source of classification or shelving scheme Dewey Decimal Classification
Koha item type Kitap
Holdings
Kayıp Durumu Sınıflandırma Kaynağı Hasarlı Durumu Koleksiyon Kodu Kalıcı Konum Mevcut Konum Kayıt Tarih Edinim Kaynağı Yer Numarası Demirbaş Numarası Son Görülme Tarihi Fatura Tarihi Materyal Türü
  Dewey Decimal Classification   Ortaokul ORTAOKUL KÜTÜPHANESİ ORTAOKUL KÜTÜPHANESİ 02/12/2013 Satınalma 420 SCH/I 05701 13/12/2023 07/04/2018 Kitap